000 00557nam a2200205Ia 4500
003 OSt
005 20230424155224.0
008 210423s2011 xx 000 0 und d
020 _a9788130915418
040 _cAL
041 _aeng
082 _a510.03
_223
_bTANJ
100 _aTANTON (James).
_992184
245 _aViva facts on file encyclopedia of mathematics.
260 _aNew Delhi
_bViva Books Pvt Ltd
_c2011
300 _avii,568
_bPB
365 _b1295
_cINR
906 _aencyclopedia ; facts ; file ; mathematics. ; Viva
942 _2ddc
_cBK
999 _c160938
_d160938